Score 0/11 Timer 02:00
0 Plays Today
Clue 5-letter Word % Correct
Toucan Sam cereal, with [first rung]LOOPS
84.6%
Put on clothesDRESS
82.9%
Recently picked, like vegetablesFRESH
81.5%
Get from one side to anotherCROSS
75.1%
Plants in a growing seasonCROPS
68.8%
A rising sophomore, for shortFROSH
68.7%
Thin layer of iceFROST
68.4%
Animal enclosures COOPS
65.2%
Toucan Sam cereal, with [last rung]FROOT
65.1%
Waste matterDROSS
64.4%
To pig outFRESS
64.1%

Today's Daily Dose

Word Ladder
Folklore Song

Get the Picture
'B' Sanders

Remove Ads.
Support Sporcle.
Get the best of Sporcle when you Go Orange. This ad-free experience offers more features, more stats, and more fun while also helping to support Sporcle. Thank you for becoming a member.

You're not logged in!

Compare scores with friends on all Sporcle quizzes.
OR
Log In

Show Comments

Extras

Top Quizzes Today


Score Distribution

Your Account Isn't Verified!

In order to create a playlist on Sporcle, you need to verify the email address you used during registration. Go to your Sporcle Settings to finish the process.

Report this User

Report this user for behavior that violates our Community Guidelines.

Details: